000 00496nam a2200193Ia 4500
005 20250326125154.0
008 250326s9999 xx 000 0 und d
037 _aTextbook
040 _aFMSL
_beng
_cFMSL
041 _aeng
_2eng
084 _aX:99G K3
_qFMSL
100 _aCooper A M
_9738590
245 0 _aHow to supervise people
_cCooper A M
250 _a4
260 _aNY
_bNY, McGraw-Hill
_c1963
300 _a250p
942 _cTB
_hX:99G K3
999 _c1276851
_d1276851